[Event "Mindsports Open 4th"]
[Site "London"]
[Date "2024.07.22"]
[Round "8.25"]
[White "Fellowes, Billy"]
[Black "O`Gorman, Alice"]
[Result "1/2-1/2"]
[WhiteElo "2063"]
[BlackElo "2003"]
[PlyCount "111"]
[EventDate "2024.07.18"]
[EventType "swiss"]
[EventRounds "9"]
[EventCountry "ENG"]
[SourceTitle "BritBase"]
[Source "John Saunders"]
[SourceDate "2024.08.27"]
[SourceVersion "1"]
[SourceVersionDate "2024.08.27"]
[SourceQuality "1"]

1. d4 d5 2. c4 e6 3. Nc3 c6 4. cxd5 exd5 5. Nf3 Nf6 6. Bg5 h6 7. Bh4 Bf5 8. e3 Be7 9. Bd3 Bxd3 10. Qxd3 Nbd7 11. O-O O-O 12. Rab1 a5 13. Rfc1 Nh5 14. Bxe7 Qxe7 15. a3 Nhf6 16. Qf5 Ne4 17. Nxe4 dxe4 18. Nd2 Nf6 19. Rc5 Nd7 20. Rcc1 Rfe8 21. Nc4 c5 22. dxc5 Nxc5 23. Nb6 Nd3 24. Nxa8 Nxc1 25. Rxc1 Rxa8 26. Rc8+ Rxc8 27. Qxc8+ Kh7 28. Qf5+ g6 29. Qxa5 Qd6 30. Qe1 Qd3 31. h3 h5 32. Qb4 b5 33. b3 h4 34. a4 bxa4 35. bxa4 Qd1+ 36. Kh2 Qc2 37. Qe1 Qxa4 38. Qc3 Qb5 39. Qf6 Qb8+ 40. g3 hxg3+ 41. fxg3 Qb7 42. h4 Qd5 43. Kh3 Kg8 44. Qf4 Qd3 45. g4 Qb1 46. h5 Qh1+ 47. Kg3 gxh5 48. Qg5+ Kf8 49. Qa5 Kg7 50. Qe5+ Kg8 51. Qg5+ Kf8 52. gxh5 Qf3+ 53. Kh4 Qh1+ 54. Kg3 Qf3+ 55. Kh2 Qf2+ 56. Kh3 1/2-1/2

[Event "Mindsports Open 4th"]
[Site "London"]
[Date "2024.07.22"]
[Round "8.26"]
[White "Adams, Henry"]
[Black "Deepak Ambattu, Rithvik"]
[Result "0-1"]
[WhiteElo "2000"]
[BlackElo "1978"]
[PlyCount "94"]
[EventDate "2024.07.18"]
[EventType "swiss"]
[EventRounds "9"]
[EventCountry "ENG"]
[SourceTitle "BritBase"]
[Source "John Saunders"]
[SourceDate "2024.08.27"]
[SourceVersion "1"]
[SourceVersionDate "2024.08.27"]
[SourceQuality "1"]

1. d4 Nf6 2. Nf3 g6 3. g3 Bg7 4. Bg2 O-O 5. c4 c6 6. O-O d5 7. Qb3 a5 8. Nc3 Ne4 9. cxd5 Nxc3 10. bxc3 a4 11. Qc2 cxd5 12. Nd2 Nc6 13. e4 dxe4 14. Nxe4 Bf5 15. Qe2 b6 16. Rd1 Rc8 17. g4 Bd7 18. Ng3 Na5 19. Bg5 Re8 20. Rac1 Qc7 21. Be4 h6 22. Bd2 Nc4 23. Qf3 Nxd2 24. Rxd2 Bb5 25. Bxg6 fxg6 26. Qd5+ Kh7 27. Qxb5 Qf4 28. Qe2 Bxd4 29. Rdc2 Bf6 30. Qe4 Rc4 31. Qxf4 Rxf4 32. h3 Rc8 33. Re2 Rxc3 34. Rxc3 Bxc3 35. Rxe7+ Bg7 36. Ne4 Kg8 37. Re8+ Rf8 38. Re6 Rf4 39. Ng3 Rf6 40. Re4 b5 41. Re8+ Bf8 42. Kg2 Rc6 43. Re2 b4 44. Ne4 Bg7 45. Re1 b3 46. axb3 a3 47. Re2 Bb2 0-1

[Event "Mindsports Open 4th"]
[Site "London"]
[Date "2024.07.22"]
[Round "8.27"]
[White "Brackmann, Hendrik"]
[Black "Wilks, Simon"]
[Result "1/2-1/2"]
[WhiteElo "2086"]
[BlackElo "2027"]
[PlyCount "90"]
[EventDate "2024.07.18"]
[EventType "swiss"]
[EventRounds "9"]
[EventCountry "ENG"]
[SourceTitle "BritBase"]
[Source "John Saunders"]
[SourceDate "2024.08.27"]
[SourceVersion "1"]
[SourceVersionDate "2024.08.27"]
[SourceQuality "1"]

1. e4 e6 2. d4 d5 3. e5 c5 4. c3 Nc6 5. Nf3 Bd7 6. Be2 f6 7. O-O fxe5 8. Nxe5 Nxe5 9. dxe5 Qc7 10. Re1 O-O-O 11. Bf1 Ne7 12. a4 Nf5 13. Na3 Bc6 14. Nb5 Qb8 15. b4 h5 16. Bg5 Re8 17. Qb3 a6 18. Na3 c4 19. Nxc4 dxc4 20. Bxc4 Bd7 21. b5 Bc5 22. b6 Rhf8 23. Ra2 Rf7 24. Kh1 h4 25. Rd2 Rfe7 26. Rxd7 Kxd7 27. Bb5+ axb5 28. Qxb5+ Kc8 29. Bxe7 Rxe7 30. Qxc5+ Kd8 31. a5 Ke8 32. Rd1 Kf7 33. h3 Qe8 34. Qc4 Qa8 35. Qb5 Qh8 36. Rb1 Qh7 37. Kh2 Qh6 38. a6 Qf4+ 39. Kg1 bxa6 40. Qc5 Kg6 41. b7 Rxb7 42. Rxb7 Qc1+ 43. Kh2 Qf4+ 44. Kg1 Qc1+ 45. Kh2 Qf4+ 1/2-1/2

[Event "Mindsports Open 4th"]
[Site "London"]
[Date "2024.07.23"]
[Round "9.1"]
[White "Teclaf, Pawel"]
[Black "Large, Peter G"]
[Result "1-0"]
[WhiteElo "2559"]
[BlackElo "2311"]
[PlyCount "39"]
[EventDate "2024.07.18"]
[EventType "swiss"]
[EventRounds "9"]
[EventCountry "ENG"]
[SourceTitle "BritBase"]
[Source "John Saunders"]
[SourceDate "2024.08.27"]
[SourceVersion "1"]
[SourceVersionDate "2024.08.27"]
[SourceQuality "1"]

1. c4 b6 2. g3 Bb7 3. Nf3 c5 4. Bg2 Nf6 5. O-O e6 6. Nc3 a6 7. e3 Qc7 8. d4 cxd4 9. exd4 Qxc4 10. d5 Be7 11. Ne5 Qc8 12. Be3 d6 13. Rc1 dxe5 14. Na4 Qd7 15. Nxb6 Qd8 16. Qa4+ Nbd7 17. dxe6 Bxg2 18. exd7+ Nxd7 19. Kxg2 Rb8 20. Rfd1 1-0

[Event "Mindsports Open 4th"]
[Site "London"]
[Date "2024.07.23"]
[Round "9.2"]
[White "Golding, Alex"]
[Black "Urkedal, Frode Olav Olsen"]
[Result "0-1"]
[WhiteElo "2296"]
[BlackElo "2551"]
[PlyCount "88"]
[EventDate "2024.07.18"]
[EventType "swiss"]
[EventRounds "9"]
[EventCountry "ENG"]
[SourceTitle "BritBase"]
[Source "John Saunders"]
[SourceDate "2024.08.27"]
[SourceVersion "1"]
[SourceVersionDate "2024.08.27"]
[SourceQuality "1"]

1. e4 c5 2. Nf3 d6 3. d4 cxd4 4. Nxd4 Nf6 5. Nc3 a6 6. Be3 e5 7. Nb3 Be6 8. Nd5 Nbd7 9. f3 Bxd5 10. exd5 g6 11. c4 b6 12. Be2 Bg7 13. O-O Nh5 14. Nc1 Nf4 15. Nd3 Qg5 16. Nxf4 exf4 17. Bf2 Bxb2 18. Rb1 Be5 19. Qa4 Ke7 20. c5 Nxc5 21. Bxc5 bxc5 22. Qc6 Kf6 23. Bxa6 Rhb8 24. a4 Rxb1 25. Rxb1 Qf5 26. Rc1 Ra7 27. Kh1 Kg7 28. Qb6 Re7 29. Bc4 Bd4 30. a5 Qc2 31. Qb1 Qa4 32. a6 Re3 33. Bd3 Qa5 34. Bf1 Ra3 35. Qc2 Ra2 36. Qd1 Qa3 37. Bc4 Rb2 38. Rb1 Qa4 39. Bf1 Rxb1 40. Qxb1 c4 41. a7 c3 42. Bd3 Bxa7 43. g4 fxg3 44. hxg3 Qd4 0-1

[Event "Mindsports Open 4th"]
[Site "London"]
[Date "2024.07.23"]
[Round "9.3"]
[White "Navrotescu, Andreea"]
[Black "Fernandez, Daniel Howard"]
[Result "0-1"]
[WhiteElo "2246"]
[BlackElo "2525"]
[PlyCount "48"]
[EventDate "2024.07.18"]
[EventType "swiss"]
[EventRounds "9"]
[EventCountry "ENG"]
[SourceTitle "BritBase"]
[Source "John Saunders"]
[SourceDate "2024.08.27"]
[SourceVersion "1"]
[SourceVersionDate "2024.08.27"]
[SourceQuality "1"]

1. d4 d5 2. c4 e6 3. Nc3 c6 4. e4 dxe4 5. Nxe4 Bb4+ 6. Bd2 Qxd4 7. Bxb4 Qxe4+ 8. Be2 Na6 9. Ba3 c5 10. Qd6 Bd7 11. Bxc5 O-O-O 12. Bxa7 Bc6 13. Qg3 Qc2 14. Qxg7 Ne7 15. Nf3 Nb4 16. Qe5 Bxf3 17. gxf3 Nec6 18. Qc3 Qxc3+ 19. bxc3 Nc2+ 20. Kf1 Nxa1 21. Be3 Rhg8 22. h4 Kc7 23. c5 Ra8 24. Bc4 Ra4 0-1

[Event "Mindsports Open 4th"]
[Site "London"]
[Date "2024.07.23"]
[Round "9.4"]
[White "Czopor, Maciej"]
[Black "Janik, Igor"]
[Result "0-1"]
[WhiteElo "2361"]
[BlackElo "2511"]
[PlyCount "178"]
[EventDate "2024.07.18"]
[EventType "swiss"]
[EventRounds "9"]
[EventCountry "ENG"]
[SourceTitle "BritBase"]
[Source "John Saunders"]
[SourceDate "2024.08.27"]
[SourceVersion "1"]
[SourceVersionDate "2024.08.27"]
[SourceQuality "1"]

1. e4 c6 2. d4 d5 3. e5 Bf5 4. h4 h5 5. Bd3 Qd7 6. c3 Bxd3 7. Qxd3 e6 8. Nf3 Ne7 9. Bg5 Nf5 10. Nbd2 c5 11. O-O Nc6 12. a3 Be7 13. Rfe1 Bxg5 14. hxg5 c4 15. Qc2 g6 16. g3 O-O-O 17. b3 cxb3 18. Nxb3 Qc7 19. Reb1 Nfe7 20. a4 Nb4 21. Qb2 Na6 22. Nbd2 h4 23. g4 h3 24. Nh2 Qc6 25. Ra3 Rd7 26. Rb3 Rc7 27. a5 Nb8 28. Qa3 Re8 29. Nhf3 h2+ 30. Kxh2 Rh8+ 31. Kg2 Qd7 32. Qa1 Nec6 33. Rb5 a6 34. Rb6 Na7 35. Nb3 Nb5 36. Nc5 Qd8 37. R1xb5 axb5 38. a6 bxa6 39. Rxa6 Nxa6 40. Qxa6+ Kb8 41. Qxb5+ Ka8 42. Qa6+ Kb8 43. Qb6+ Ka8 44. Qa6+ Ra7 45. Qc6+ Kb8 46. Na6+ Rxa6 47. Qxa6 Qc7 48. Qd6 Rd8 49. Qb4+ Qb7 50. Qa5 Rc8 51. Qa3 Qc6 52. Qb4+ Ka7 53. Qa3+ Kb7 54. Qb4+ Qb6 55. Qa3 Qc7 56. Qb4+ Ka6 57. Qd6+ Qb6 58. Qd7 Rc7 59. Qe8 Qc6 60. Qb8 Qb7 61. Qe8 Ka5 62. Qd8 Ka4 63. Qe8+ Ka3 64. Qf8+ Ka2 65. Qe8 Ka3 66. Qf8+ Kb2 67. Qh8 Qb3 68. Qf6 Qxc3 69. Qf4 Qd3 70. Kg3 Qe2 71. Qf6 Rc2 72. Qxf7 Qxf2+ 73. Kf4 Qe2 74. Qb7+ Kc1 75. Qb4 Qe4+ 76. Kg3 Qe3 77. Qa5 Rb2 78. Qa1+ Kc2 79. Qa6 Rb3 80. Qa2+ Kc3 81. Kh4 Kb4 82. Qc2 Qc3 83. Qa2 Qc1 84. Qd2+ Qxd2 85. Nxd2 Kc3 86. Nf3 Kd3 87. Nd2 Rb8 88. Nf3 Rf8 89. Kg3 Rxf3+ 0-1

[Event "Mindsports Open 4th"]
[Site "London"]
[Date "2024.07.23"]
[Round "9.5"]
[White "Kovchan, Alexander"]
[Black "Lim, Zhuo Ren"]
[Result "1/2-1/2"]
[WhiteElo "2455"]
[BlackElo "2251"]
[PlyCount "100"]
[EventDate "2024.07.18"]
[EventType "swiss"]
[EventRounds "9"]
[EventCountry "ENG"]
[SourceTitle "BritBase"]
[Source "John Saunders"]
[SourceDate "2024.08.27"]
[SourceVersion "1"]
[SourceVersionDate "2024.08.27"]
[SourceQuality "1"]

1. e4 c5 2. Nf3 d6 3. d4 cxd4 4. Nxd4 Nf6 5. Nc3 a6 6. Be2 e5 7. Nb3 Be7 8. O-O O-O 9. Re1 Re8 10. Bf3 Be6 11. a4 Nc6 12. Nd5 Rc8 13. a5 Nd7 14. Bd2 Bg5 15. Bc3 Ne7 16. Ra4 Nxd5 17. exd5 Bf5 18. Rb4 Rc7 19. Nd2 Bg6 20. Nc4 Be7 21. h4 f5 22. h5 Bf7 23. Ne3 g6 24. hxg6 hxg6 25. Nc4 Rc5 26. Ne3 Qc8 27. Ra4 Rc7 28. g3 Bf6 29. Be2 Rxc3 30. bxc3 Nc5 31. Rc4 Qc7 32. Qa1 Bd8 33. Rb1 Qxa5 34. Qxa5 Bxa5 35. Rxc5 dxc5 36. Rxb7 Bxc3 37. Bxa6 Rd8 38. Rc7 Bd4 39. c4 Kg7 40. Nc2 Kf6 41. Na3 Be8 42. Bb7 e4 43. Nb5 Bxb5 44. cxb5 Rd6 45. Kg2 g5 46. f4 exf3+ 47. Kxf3 g4+ 48. Kg2 Ke5 49. Re7+ Kf6 50. Rc7 Ke5 1/2-1/2

[Event "Mindsports Open 4th"]
[Site "London"]
[Date "2024.07.23"]
[Round "9.6"]
[White "Sim, Jia Ru"]
[Black "Kalavannan, Koby"]
[Result "0-1"]
[WhiteElo "2077"]
[BlackElo "2265"]
[PlyCount "110"]
[EventDate "2024.07.18"]
[EventType "swiss"]
[EventRounds "9"]
[EventCountry "ENG"]
[SourceTitle "BritBase"]
[Source "John Saunders"]
[SourceDate "2024.08.27"]
[SourceVersion "1"]
[SourceVersionDate "2024.08.27"]
[SourceQuality "1"]

1. e4 c5 2. Nf3 Nc6 3. Bb5 Nf6 4. e5 Nd5 5. Nc3 Nc7 6. Bxc6 dxc6 7. d3 Bg4 8. h3 Bxf3 9. Qxf3 Ne6 10. O-O g6 11. Re1 Bg7 12. Bf4 O-O 13. Bg3 Qb6 14. Rab1 Rad8 15. Qe3 Nd4 16. Qc1 c4 17. Rd1 Nf5 18. Bf4 cxd3 19. cxd3 Qa6 20. Qc2 Nd4 21. Qd2 Ne6 22. Bg3 Rd7 23. b4 Rfd8 24. b5 cxb5 25. Nxb5 Rd5 26. Qb4 Bxe5 27. Nc3 Rd4 28. Qxe7 Bxg3 29. fxg3 R4d7 30. Qf6 Rxd3 31. Rxd3 Rxd3 32. Ne4 Qc4 33. Rxb7 Qd4+ 34. Qxd4 Rxd4 35. Nc3 Rd3 36. Na4 Rxg3 37. Rxa7 Nf4 38. Kf2 Rxg2+ 39. Kf3 g5 40. Nc5 Rh2 41. a4 h5 42. a5 Rxh3+ 43. Ke4 Ra3 44. Kf5 h4 45. Ne4 h3 46. Ra8+ Kg7 47. Nf6 Ng6 48. Kxg5 Rg3+ 49. Kf5 Rf3+ 50. Kg4 Ne5+ 51. Kg5 Rxf6 52. a6 Rxa6 53. Rxa6 h2 54. Ra1 Nf3+ 55. Kg4 Ng1 0-1

[Event "Mindsports Open 4th"]
[Site "London"]
[Date "2024.07.23"]
[Round "9.7"]
[White "Johnson, Daniel"]
[Black "Cherniaev, Alexander"]
[Result "1/2-1/2"]
[WhiteElo "2126"]
[BlackElo "2359"]
[PlyCount "110"]
[EventDate "2024.07.18"]
[EventType "swiss"]
[EventRounds "9"]
[EventCountry "ENG"]
[SourceTitle "BritBase"]
[Source "John Saunders"]
[SourceDate "2024.08.27"]
[SourceVersion "1"]
[SourceVersionDate "2024.08.27"]
[SourceQuality "1"]

1. d4 Nf6 2. Nc3 d5 3. Bf4 Nh5 4. Be5 f6 5. e4 g6 6. Bg3 c6 7. Be2 Nxg3 8. hxg3 Bg7 9. Nf3 Be6 10. Qd3 Bf7 11. O-O-O a6 12. Kb1 Nd7 13. Qe3 Qc7 14. Rhe1 O-O 15. Rh1 Rfd8 16. Nh2 Nf8 17. exd5 cxd5 18. Ng4 e5 19. Nh6+ Bxh6 20. Qxh6 Qc6 21. Bf3 b5 22. dxe5 fxe5 23. Qg5 b4 24. Ne2 Qc7 25. Rd2 Rab8 26. Rhd1 Rb5 27. Qf6 a5 28. Bg4 Rb6 29. Qg5 a4 30. f4 e4 31. Nd4 Kh8 32. Qe5+ Qxe5 33. fxe5 Kg7 34. Kc1 Re8 35. e6 Bg8 36. Ne2 h5 37. Bh3 Nxe6 38. Rxd5 Nf8 39. Ra5 Bxa2 40. Rxa4 Bc4 41. Nd4 Ba6 42. Ra5 e3 43. Rd5 Rf6 44. Re1 Re4 45. Nf3 b3 46. cxb3 Rc6+ 47. Kd1 Rb6 48. Re5 e2+ 49. Kd2 Reb4 50. Re3 Rxb3 51. Rxb3 Rxb3 52. Kc2 Rb4 53. Kc3 Rc4+ 54. Kd2 Rb4 55. Kc3 Rc4+ 1/2-1/2

[Event "Mindsports Open 4th"]
[Site "London"]
[Date "2024.07.23"]
[Round "9.8"]
[White "Antolak, Julia"]
[Black "Dignam, Matthew"]
[Result "1/2-1/2"]
[WhiteElo "2333"]
[BlackElo "2104"]
[PlyCount "64"]
[EventDate "2024.07.18"]
[EventType "swiss"]
[EventRounds "9"]
[EventCountry "ENG"]
[SourceTitle "BritBase"]
[Source "John Saunders"]
[SourceDate "2024.08.27"]
[SourceVersion "1"]
[SourceVersionDate "2024.08.27"]
[SourceQuality "1"]

1. d4 d6 2. e4 Nf6 3. Nc3 c6 4. Be3 Qb6 5. a3 Ng4 6. Bc1 e5 7. Nf3 exd4 8. Qxd4 Qxd4 9. Nxd4 g6 10. h3 Bg7 11. Nb3 Nf6 12. Bf4 Ke7 13. O-O-O Rd8 14. Be2 Ne8 15. Rd2 Nd7 16. Be3 Bxc3 17. bxc3 Nb6 18. c4 Be6 19. c5 Na4 20. cxd6+ Nxd6 21. e5 Ne4 22. Rxd8 Kxd8 23. Bd3 Nec3 24. Nc5 Bd5 25. Rg1 b5 26. g4 a5 27. Nxa4 Nxa4 28. f4 b4 29. axb4 axb4 30. c4 bxc3 31. Kc2 Rb8 32. Rb1 Rxb1 1/2-1/2

[Event "Mindsports Open 4th"]
[Site "London"]
[Date "2024.07.23"]
[Round "9.9"]
[White "Payne, Matthew J"]
[Black "Balaji, Aaravamudhan"]
[Result "0-1"]
[WhiteElo "2067"]
[BlackElo "2316"]
[PlyCount "78"]
[EventDate "2024.07.18"]
[EventType "swiss"]
[EventRounds "9"]
[EventCountry "ENG"]
[SourceTitle "BritBase"]
[Source "John Saunders"]
[SourceDate "2024.08.27"]
[SourceVersion "1"]
[SourceVersionDate "2024.08.27"]
[SourceQuality "1"]

1. e4 g6 2. d4 Bg7 3. Nc3 d6 4. Be3 a6 5. Qd2 b5 6. O-O-O Bb7 7. f3 Nd7 8. h4 h6 9. Nh3 c5 10. g4 b4 11. Ne2 Qc7 12. Kb1 Nb6 13. b3 Rc8 14. Rc1 Nf6 15. g5 hxg5 16. Nxg5 a5 17. Nf4 cxd4 18. Qxd4 Nh5 19. Nfe6 fxe6 20. Nxe6 Bxd4 21. Nxc7+ Kd7 22. Bxd4 Kxc7 23. Bxh8 Rxh8 24. Rg1 Nf4 25. Rg4 e5 26. c3 bxc3 27. Rxc3+ Kd8 28. Bb5 Nd7 29. Bc6 Bc8 30. a3 Nf8 31. b4 axb4 32. axb4 Bxg4 33. fxg4 N8e6 34. b5 Kc7 35. Ra3 Nc5 36. h5 gxh5 37. gxh5 Rxh5 38. Ra7+ Kb6 39. Ra8 Rh2 0-1

[Event "Mindsports Open 4th"]
[Site "London"]
[Date "2024.07.23"]
[Round "9.10"]
[White "Sooraj, M R"]
[Black "Rudd, Jack"]
[Result "1-0"]
[WhiteElo "1999"]
[BlackElo "2243"]
[PlyCount "61"]
[EventDate "2024.07.18"]
[EventType "swiss"]
[EventRounds "9"]
[EventCountry "ENG"]
[SourceTitle "BritBase"]
[Source "John Saunders"]
[SourceDate "2024.08.27"]
[SourceVersion "1"]
[SourceVersionDate "2024.08.27"]
[SourceQuality "1"]

1. e4 c6 2. d3 d5 3. Nd2 Nf6 4. Ngf3 g6 5. g3 Bg7 6. Bg2 O-O 7. O-O Nbd7 8. Re1 dxe4 9. dxe4 Nc5 10. e5 Nd5 11. Nb3 Ne6 12. Qe2 Qc7 13. Bd2 Bd7 14. c4 Nb6 15. Ba5 Qc8 16. c5 Nd5 17. Qc4 Nec7 18. Qh4 Re8 19. Bd2 h5 20. h3 Ne6 21. g4 hxg4 22. hxg4 Nef4 23. Re4 Nxg2 24. Kxg2 f5 25. Ng5 Nf6 26. exf6 exf6 27. Qh7+ Kf8 28. Bc3 Be6 29. Bxf6 Bxf6 30. Rxe6 Bxg5 31. Rxg6 1-0

[Event "Mindsports Open 4th"]
[Site "London"]
[Date "2024.07.23"]
[Round "9.11"]
[White "Badacsonyi, Stanley"]
[Black "Banerjee, Supratit"]
[Result "1/2-1/2"]
[WhiteElo "2178"]
[BlackElo "2161"]
[PlyCount "230"]
[EventDate "2024.07.18"]
[EventType "swiss"]
[EventRounds "9"]
[EventCountry "ENG"]
[SourceTitle "BritBase"]
[Source "John Saunders"]
[SourceDate "2024.08.27"]
[SourceVersion "1"]
[SourceVersionDate "2024.08.27"]
[SourceQuality "1"]

1. d4 d5 2. c4 e6 3. Nc3 Be7 4. cxd5 exd5 5. Bf4 c6 6. e3 Nf6 7. Bd3 O-O 8. h3 Re8 9. Nf3 Nbd7 10. O-O Nf8 11. Ne5 N6d7 12. Bg3 g6 13. Rc1 Bf6 14. f4 Bg7 15. Qd2 Qe7 16. Rce1 f5 17. Kh1 Nb6 18. b3 Be6 19. Rg1 Nfd7 20. Bf2 Rf8 21. g4 Nxe5 22. dxe5 Qd7 23. Qe2 Rad8 24. gxf5 Bxf5 25. Bxf5 Qxf5 26. Qg4 Qxg4 27. Rxg4 Bxe5 28. Ne2 Bg7 29. h4 Nd7 30. Rg2 Nf6 31. Reg1 Ne4 32. Be1 Rf5 33. Rh2 Kf7 34. Kg2 c5 35. Kf3 Re8 36. Rgh1 d4 37. exd4 cxd4 38. Nc1 Bh6 39. Nd3 Nc5 40. Nxc5 Re3+ 41. Kg2 Rxc5 42. h5 Rc2+ 43. Kf1 Rxh2 44. hxg6+ Kxg6 45. Rxh2 Bxf4 46. Rg2+ Kf5 47. Rg7 Rh3 48. Rxb7 Rh1+ 49. Ke2 d3+ 50. Kxd3 Rxe1 51. Rxh7 a5 52. Ra7 Re5 53. a3 Re3+ 54. Kc4 Re4+ 55. Kd3 Re3+ 56. Kd4 Re5 57. b4 axb4 58. axb4 Re4+ 59. Kc3 Be5+ 60. Kb3 Bd6 61. Rb7 Ke6 62. Kc3 Kd5 63. Rb5+ Kc6 64. Rh5 Rxb4 65. Kd3 Bc5 66. Rh6+ Kb5 67. Rg6 Rd4+ 68. Kc3 Re4 69. Rg3 Ra4 70. Rd3 Rc4+ 71. Kb3 Rg4 72. Rh3 Ra4 73. Rd3 Bd4 74. Rf3 Rb4+ 75. Kc2 Kc4 76. Rh3 Rb2+ 77. Kd1 Bc3 78. Kc1 Kb3 79. Rf3 Re2 80. Rf1 Rb2 81. Kd1 Rd2+ 82. Kc1 Rh2 83. Kd1 Kc4 84. Rf3 Ra2 85. Kc1 Bd4 86. Kd1 Kd5 87. Kc1 Ke4 88. Rb3 Rh2 89. Kb1 Rh1+ 90. Kc2 Kd5 91. Kd3 Bc5 92. Kd2 Kd4 93. Rd3+ Ke4 94. Rb3 Bd4 95. Kc2 Rh2+ 96. Kd1 Be3 97. Rb4+ Kf3 98. Rb3 Rg2 99. Rd3 Rb2 100. Rc3 Rd2+ 101. Kc1 Ke4 102. Rc2 Rd8+ 103. Kb1 Kd3 104. Rc7 Rb8+ 105. Ka2 Bd4 106. Ka3 Bc3 107. Rc6 Rb4 108. Ka2 Kc2 109. Ka3 Rb5 110. Ra6 Rb1 111. Ka4 Rb4+ 112. Ka3 Rc4 113. Rb6 Bd4 114. Ra6 Bc5+ 115. Ka2 Rb4 1/2-1/2

[Event "Mindsports Open 4th"]
[Site "London"]
[Date "2024.07.23"]
[Round "9.12"]
[White "Khoury, Theo"]
[Black "Fitzsimons, David"]
[Result "1/2-1/2"]
[WhiteElo "2113"]
[BlackElo "2320"]
[PlyCount "210"]
[EventDate "2024.07.18"]
[EventType "swiss"]
[EventRounds "9"]
[EventCountry "ENG"]
[SourceTitle "BritBase"]
[Source "John Saunders"]
[SourceDate "2024.08.27"]
[SourceVersion "1"]
[SourceVersionDate "2024.08.27"]
[SourceQuality "1"]

1. e4 c5 2. Nf3 a6 3. c3 d5 4. exd5 Qxd5 5. d4 e6 6. Na3 Nf6 7. Nc4 Nbd7 8. Be2 b5 9. Ne3 Qc6 10. a4 Bb7 11. axb5 axb5 12. Rxa8+ Bxa8 13. O-O Be7 14. dxc5 Qxc5 15. Qb3 b4 16. Nc2 bxc3 17. Be3 Qc7 18. Qxc3 Qxc3 19. bxc3 O-O 20. c4 Bxf3 21. Bxf3 Rc8 22. Be2 Ne5 23. Nd4 Nxc4 24. Rc1 Nd6 25. Rxc8+ Nxc8 26. Ba6 Nd6 27. Nc6 Bf8 28. f3 Nf5 29. Kf2 Bd6 30. g3 Nd5 31. Ba7 g5 32. Bd3 Nfe7 33. Nxe7+ Nxe7 34. Be3 h6 35. Bc4 Ng6 36. Be2 Be5 37. Bc5 Kg7 38. Bd3 f5 39. Bc2 Kf6 40. Ba4 Bb2 41. Bd6 Nh8 42. Be8 Nf7 43. Bxf7 Kxf7 44. g4 Kg6 45. gxf5+ Kxf5 46. h3 Bd4+ 47. Kg2 Be3 48. Bf8 h5 49. Ba3 Ke5 50. Bb2+ Kd5 51. Bf6 Bf4 52. Bd8 Kd4 53. Bf6+ Kd3 54. Be7 Ke2 55. Bd8 Ke3 56. Bf6 e5 57. Bd8 Kd3 58. Be7 Kc4 59. Bd8 Kd5 60. Kf2 Ke6 61. Ke2 Kf5 62. Be7 Bg3 63. Kf1 Kf4 64. Kg2 Bh4 65. Bd6 Be1 66. Bc7 Bc3 67. Bd6 Bd4 68. Bc7 Bc5 69. Bb8 Be7 70. Bc7 Bf6 71. Bb6 Kf5 72. Bc7 Ke6 73. Bb6 Kd5 74. Ba7 Be7 75. Be3 Kc4 76. Bb6 Kd3 77. Ba7 Ke2 78. Bb6 Bb4 79. Bd8 Bd2 80. Bf6 Bf4 81. Bd8 Kd2 82. Be7 Kd3 83. Bd8 Bd2 84. Be7 Kd4 85. Bd8 Kd5 86. h4 gxh4 87. Bf6 Bf4 88. Bxe5 Bxe5 89. Kh1 Bg3 90. Kg2 Be1 91. Kh1 Kd4 92. f4 Ke4 93. f5 Bb4 94. f6 Bf8 95. f7 Kf3 96. Kh2 Kg4 97. Kh1 Kf5 98. Kh2 Kg6 99. Kh1 Kxf7 100. Kh2 Kg6 101. Kh1 Bd6 102. Kg1 Kg5 103. Kh1 Kg4 104. Kg1 Kh3 105. Kh1 Bc5 1/2-1/2

[Event "Mindsports Open 4th"]
[Site "London"]
[Date "2024.07.23"]
[Round "9.13"]
[White "Verma, Shlok"]
[Black "Buckley, Graeme N"]
[Result "0-1"]
[WhiteElo "2102"]
[BlackElo "2311"]
[PlyCount "72"]
[EventDate "2024.07.18"]
[EventType "swiss"]
[EventRounds "9"]
[EventCountry "ENG"]
[SourceTitle "BritBase"]
[Source "John Saunders"]
[SourceDate "2024.08.27"]
[SourceVersion "1"]
[SourceVersionDate "2024.08.27"]
[SourceQuality "1"]

1. d4 Nf6 2. c4 e6 3. Nf3 c5 4. d5 b5 5. dxe6 fxe6 6. cxb5 d5 7. Nc3 Nbd7 8. e3 Bb7 9. Bd3 Bd6 10. Qe2 O-O 11. e4 d4 12. Nb1 Ng4 13. Bg5 Qe8 14. Nbd2 Nde5 15. Bh4 a6 16. Nxe5 Nxe5 17. Bg3 Nxd3+ 18. Qxd3 Bxg3 19. Qxg3 Qxb5 20. Qe5 Rf6 21. Nb3 Raf8 22. f3 Qd3 23. Qxc5 Qe3+ 24. Kd1 Rxf3 25. gxf3 Qxf3+ 26. Kd2 Qg2+ 27. Kd3 Qxe4+ 28. Kc4 Rc8 29. Qxc8+ Bxc8 30. Rhe1 Qd5+ 31. Kd3 e5 32. Nd2 Qb5+ 33. Kc2 Bf5+ 34. Ne4 Qc4+ 35. Kd2 Qb4+ 36. Kc2 d3+ 0-1

[Event "Mindsports Open 4th"]
[Site "London"]
[Date "2024.07.23"]
[Round "9.14"]
[White "Patel, Zain"]
[Black "Rocco, Federico"]
[Result "0-1"]
[WhiteElo "1958"]
[BlackElo "2146"]
[PlyCount "70"]
[EventDate "2024.07.18"]
[EventType "swiss"]
[EventRounds "9"]
[EventCountry "ENG"]
[SourceTitle "BritBase"]
[Source "John Saunders"]
[SourceDate "2024.08.27"]
[SourceVersion "1"]
[SourceVersionDate "2024.08.27"]
[SourceQuality "1"]

1. Nf3 Nf6 2. b3 g6 3. Bb2 Bg7 4. g3 d6 5. Bg2 O-O 6. d4 a5 7. O-O a4 8. c4 Nc6 9. Qc1 axb3 10. axb3 Rxa1 11. Bxa1 e5 12. dxe5 Ng4 13. Rd1 Qe8 14. Nc3 Ncxe5 15. Nxe5 Qxe5 16. h3 Nf6 17. Nd5 Qe6 18. Nxc7 Qxe2 19. Rxd6 Ne4 20. Bxe4 Qxe4 21. Nd5 Bxh3 22. Nf4 Bf5 23. Bxg7 Kxg7 24. Qc3+ f6 25. Rd1 Re8 26. Nd5 Re5 27. Qb4 Qf3 28. Re1 Be4 29. Rxe4 Rxe4 30. Qxb7+ Kh6 31. Qb4 Re2 32. Qf8+ Kg5 33. Qxf6+ Qxf6 34. f4+ Kf5 35. g4+ Ke6 0-1

[Event "Mindsports Open 4th"]
[Site "London"]
[Date "2024.07.23"]
[Round "9.15"]
[White "Cancedda-Dupuis, Livio"]
[Black "Kolani, Arjun"]
[Result "0-1"]
[WhiteElo "2041"]
[BlackElo "2124"]
[PlyCount "80"]
[EventDate "2024.07.18"]
[EventType "swiss"]
[EventRounds "9"]
[EventCountry "ENG"]
[SourceTitle "BritBase"]
[Source "John Saunders"]
[SourceDate "2024.08.27"]
[SourceVersion "1"]
[SourceVersionDate "2024.08.27"]
[SourceQuality "1"]

1. e4 e5 2. Nf3 Nc6 3. Bb5 a6 4. Ba4 Nf6 5. O-O b5 6. Bb3 Bc5 7. c3 d6 8. d4 Bb6 9. h3 O-O 10. Re1 Bb7 11. Bg5 h6 12. Bh4 Re8 13. a4 exd4 14. axb5 axb5 15. Rxa8 Bxa8 16. cxd4 g5 17. Bxg5 hxg5 18. Nxg5 Re7 19. e5 dxe5 20. Qd3 e4 21. Qg3 Qd6 22. Nh7+ Qxg3 23. Nxf6+ Kh8 24. fxg3 Bxd4+ 25. Kf1 Bxf6 26. Nc3 Bxc3 27. bxc3 Ne5 28. Ra1 Bc6 29. Ke2 Rd7 30. Ra6 Rd3 31. Bxf7 Rxc3 32. Be6 b4 33. Ra5 Nd3 34. Kd2 Nc5 35. Ba2 e3+ 36. Ke2 Be4 37. g4 b3 38. Bxb3 Nxb3 39. Re5 Nd4+ 40. Kd1 Bxg2 0-1